00412nam a2200157Ia 45000010006000000050017000060080041000230410008000640820013000721000030000852450107001152600009002223000007002316500008002386540008002462104520260306172850.0260306t2016||||xx |||||||||||||| ||spa|| aESP a344bH96 aHurtado Pozo, JoséeAUT 0aEl sistema de control penal, derecho penal general y especial, política criminal y sanciones penales c2016 ac aGEN aCDE